[Event "Vaujany op 12th"]
[Site "Vaujany"]
[Date "2021.07.16"]
[Round "2"]
[White "Chabaud, Mathis"]
[Black "Olivier, Jean Christophe"]
[Result "1-0"]
[WhiteElo "1928"]
[BlackElo "2321"]
[PlyCount "109"]
[EventDate "2021.07.15"]
[EventType "swiss"]
[EventRounds "9"]
[EventCountry "FRA"]
[SourceTitle "EXT 2022"]
[Source "ChessBase"]
[SourceDate "2021.10.06"]
[SourceVersion "1"]
[SourceVersionDate "2021.10.06"]
[SourceQuality "1"]

1. d4 Nf6 2. Bf4 e6 3. e3 b6 4. Qf3 Nc6 5. Nc3 Bb7 6. 0-0-0 Bb4 7. Nge2 0-0 8. a3 Na5 9. Qh3 Be7 10. f3 d5 11. g4 c5 12. g5 Ne8 13. Qg3 Nd6 14. h4 Nf5 15. Qh2 Nc4 16. e4 Nfe3 17. Rd3 Nxf1 18. Rxf1 Rc8 19. Kb1 b5 20. exd5 exd5 21. dxc5 Bxc5 22. Rfd1 Qa5 23. Bc1 b4 24. axb4 Qxb4 25. Na2 Qb6 26. Rb3 Qc6 27. Nd4 Qd7 28. Qf4 Rfe8 29. Qf5 Qxf5 30. Nxf5 Bc6 31. Rbd3 a5 32. Nd4 Bb7 33. Nc3 Bb4 34. Ndb5 Nb6 35. Be3 Nc4 36. Bd4 Ba6 37. Ka2 Kf8 38. Bg1 Bxb5 39. Nxb5 Ne5 40. Rxd5 Rxc2 41. Kb3 Re2 42. f4 Nf3 43. Nc7 f6 44. Nxe8 Kxe8 45. gxf6 gxf6 46. Rh5 Re4 47. Rxh7 a4+ 48. Ka2 Bd2 49. Bc5 Rxf4 50. Re7+ Kd8 51. Re2 Rxh4 52. Bf2 Rc4 53. Be1 Rd4 54. Rexd2 Nxd2 55. Rxd2 1-0

[Event "FRA-ch U18/14 Online"]
[Site "Europe Echecs INT"]
[Date "2020.07.11"]
[Round "2"]
[White "Chabaud, Mathis"]
[Black "Kuhn, Clement"]
[Result "0-1"]
[WhiteElo "1920"]
[BlackElo "2150"]
[PlyCount "78"]
[EventDate "2020.07.11"]
[EventType "swiss (blitz)"]
[EventRounds "9"]
[EventCountry "FRA"]
[SourceTitle "EXT 2021"]
[Source "ChessBase"]
[SourceDate "2020.10.23"]
[SourceVersion "1"]
[SourceVersionDate "2020.10.23"]
[SourceQuality "1"]

1. d4 Nf6 2. Bf4 g6 3. Nc3 d5 4. e3 Bg7 5. h4 c6 6. Qd2 h5 7. Nf3 Qa5 8. Ne5 Nfd7 9. Bd3 Nxe5 10. Bxe5 Bxe5 11. dxe5 Nd7 12. e6 Ne5 13. exf7+ Kxf7 14. 0-0-0 Be6 15. Kb1 Rhf8 16. f3 Kg7 17. Ne2 Qxd2 18. Rxd2 Bf5 19. Nf4 Nxd3 20. Nxd3 Kf6 21. f4 Bxd3 22. Rxd3 e5 23. Rf1 exf4 24. Rxf4+ Ke5 25. g3 Rxf4 26. exf4+ Ke4 27. Kc1 c5 28. Kd2 d4 29. c3 Rd8 30. cxd4 Rxd4 31. Rxd4+ cxd4 32. b4 b5 33. Ke2 d3+ 34. Kd2 Kd4 35. a3 a6 36. g4 hxg4 37. f5 gxf5 38. h5 Ke5 39. h6 Kf6 0-1

[Event "FRA-ch U18/14 Online"]
[Site "Europe Echecs INT"]
[Date "2020.07.11"]
[Round "9"]
[White "Leccia, Thomas"]
[Black "Chabaud, Mathis"]
[Result "0-1"]
[WhiteElo "1893"]
[BlackElo "1920"]
[PlyCount "136"]
[EventDate "2020.07.11"]
[EventType "swiss (blitz)"]
[EventRounds "9"]
[EventCountry "FRA"]
[SourceTitle "EXT 2021"]
[Source "ChessBase"]
[SourceDate "2020.10.23"]
[SourceVersion "1"]
[SourceVersionDate "2020.10.23"]
[SourceQuality "1"]

1. e4 c5 2. Nf3 Nc6 3. Bb5 d6 4. 0-0 Bd7 5. Re1 Nf6 6. c3 a6 7. Bf1 Bg4 8. h3 Bxf3 9. Qxf3 g6 10. d3 Bg7 11. Bg5 0-0 12. Nd2 h6 13. Be3 Nd7 14. Nb3 b5 15. d4 cxd4 16. cxd4 Rc8 17. Rad1 Na5 18. Nxa5 Qxa5 19. a3 Rc2 20. Re2 Rfc8 21. Bd2 Qd8 22. Bc3 Rxe2 23. Qxe2 e5 24. Qd2 Rc6 25. dxe5 Nxe5 26. f4 Nc4 27. Bxc4 Rxc4 28. Bxg7 Kxg7 29. Qxd6 Qxd6 30. Rxd6 Rxe4 31. g3 Re2 32. b4 Re3 33. Rxa6 Rxg3+ 34. Kh2 Rf3 35. Ra5 h5 36. Rxb5 Rxa3 37. Rc5 Rb3 38. Rc4 Kf6 39. Rc5 Rxb4 40. Rc6+ Kf5 41. Rc7 f6 42. Kg3 Rb3+ 43. Kg2 Kxf4 44. Rc6 Rb2+ 45. Kf1 Kg5 46. Rc5+ f5 47. Rc6 Rh2 48. Rc3 f4 49. Rf3 Rd2 50. Kg1 Kf5 51. Kf1 g5 52. Ra3 Rd5 53. Kg2 g4 54. hxg4+ hxg4 55. Kf2 Ke4 56. Ra4+ Rd4 57. Ra3 Rd2+ 58. Kf1 Rd3 59. Ra4+ Kf3 60. Ra1 g3 61. Kg1 Kg4 62. Ra4 Rf3 63. Kg2 Rf2+ 64. Kg1 Kh3 65. Rb4 f3 66. Ra4 Rd2 67. Ra1 f2+ 68. Kf1 g2# 0-1

[Event "Vaujany op-B 8th"]
[Site "Vaujany"]
[Date "2017.07.21"]
[Round "9.4"]
[White "Chabaud, Mathis"]
[Black "Koltai, Dora"]
[Result "0-1"]
[WhiteElo "1671"]
[BlackElo "1693"]
[PlyCount "76"]
[EventDate "2017.07.13"]
[EventType "swiss"]
[EventRounds "9"]
[EventCountry "FRA"]
[SourceTitle "EXT 2020"]
[Source "ChessBase"]
[SourceDate "2019.10.17"]
[SourceVersion "1"]
[SourceVersionDate "2019.10.17"]
[SourceQuality "1"]

1. e4 e5 2. Nf3 Nf6 3. Nxe5 d6 4. Nf3 Nxe4 5. Nc3 Nf6 6. d4 Be7 7. Be3 0-0 8. Qd2 c6 9. 0-0-0 Be6 10. Ng5 Bd5 11. h4 b5 12. Bd3 Bc4 13. Bxc4 bxc4 14. d5 c5 15. Qe2 Nbd7 16. Qxc4 Rb8 17. f4 Rb4 18. Qe2 Qa8 19. Bd2 Qd8 20. Nce4 Rb7 21. h5 h6 22. Nh3 Nxe4 23. Qxe4 Bf6 24. c3 Qb6 25. Qc2 c4 26. Kb1 Rfb8 27. Bc1 Qa5 28. Rd2 Bxc3 29. Re2 Nc5 30. Rd1 Na4 31. Rdd2 Bxd2 32. Qxd2 Qxd2 33. Rxd2 c3 34. Rc2 Nxb2 35. Rxc3 Na4+ 36. Rb3 Rxb3+ 37. axb3 Rxb3+ 38. Kc2 Rg3 0-1

[Event "Vaujany op-B 8th"]
[Site "Vaujany"]
[Date "2017.07.20"]
[Round "8.3"]
[White "Gazik, Jakub"]
[Black "Chabaud, Mathis"]
[Result "1/2-1/2"]
[WhiteElo "1715"]
[BlackElo "1671"]
[PlyCount "121"]
[EventDate "2017.07.13"]
[EventType "swiss"]
[EventRounds "9"]
[EventCountry "FRA"]
[SourceTitle "EXT 2020"]
[Source "ChessBase"]
[SourceDate "2019.10.17"]
[SourceVersion "1"]
[SourceVersionDate "2019.10.17"]
[SourceQuality "1"]

1. Nf3 c5 2. e4 Nc6 3. g3 d6 4. Bg2 g6 5. 0-0 Bg7 6. Qe2 e5 7. h3 Nge7 8. Nc3 0-0 9. d3 h6 10. Bd2 g5 11. g4 Ng6 12. Nd5 Nce7 13. Nxe7+ Qxe7 14. Rad1 Nf4 15. Bxf4 gxf4 16. Kh2 Bf6 17. Rg1 Kh7 18. Bh1 Rg8 19. Rg2 Be6 20. Rdg1 Qd7 21. Nd2 Bg5 22. Nf3 Bf6 23. Nd2 Bh8 24. g5 Rg6 25. Qh5 Rag8 26. Nf3 f6 27. Nh4 Rxg5 28. Rxg5 fxg5 29. Nf3 Bf6 30. Ne1 Qf7 31. Qxf7+ Bxf7 32. Bf3 h5 33. Be2 Kh6 34. f3 Bd8 35. c4 Ba5 36. Nc2 a6 37. b3 b5 38. Na3 Be8 39. Kh1 Bb4 40. Nc2 Bc3 41. Kh2 Rg7 42. Kh1 Rb7 43. Bd1 bxc4 44. dxc4 a5 45. Ne1 a4 46. Kh2 Ra7 47. Kh1 axb3 48. axb3 Ra1 49. Nd3 Bd7 50. Kh2 Bd4 51. Re1 Bc3 52. Rg1 Ra2+ 53. Rg2 Rxg2+ 54. Kxg2 Kg6 55. Nf2 Bd4 56. Nd3 g4 57. hxg4 hxg4 58. fxg4 Kg5 59. Kh3 Bc8 60. Bf3 Bb7 61. Bg2 1/2-1/2

[Event "Vaujany op-B 8th"]
[Site "Vaujany"]
[Date "2017.07.17"]
[Round "5.3"]
[White "Chabaud, Mathis"]
[Black "Sesia, Noah"]
[Result "1/2-1/2"]
[WhiteElo "1671"]
[BlackElo "1723"]
[PlyCount "67"]
[EventDate "2017.07.13"]
[EventType "swiss"]
[EventRounds "9"]
[EventCountry "FRA"]
[SourceTitle "EXT 2020"]
[Source "ChessBase"]
[SourceDate "2019.10.17"]
[SourceVersion "1"]
[SourceVersionDate "2019.10.17"]
[SourceQuality "1"]

1. e4 e5 2. Nf3 Nc6 3. Nc3 Nf6 4. Bb5 Nd4 5. Nxd4 exd4 6. e5 dxc3 7. exf6 Qxf6 8. dxc3 Qe5+ 9. Qe2 Qxe2+ 10. Bxe2 d5 11. 0-0 Bf5 12. Bd3 Bxd3 13. cxd3 Kd7 14. Bf4 Bd6 15. Bxd6 Kxd6 16. d4 Rhe8 17. Rfe1 Re6 18. f3 Rae8 19. Rxe6+ Rxe6 20. Kf2 c6 21. Re1 Rxe1 22. Kxe1 f5 23. f4 g6 24. Kf2 c5 25. Ke3 a6 26. a4 b5 27. axb5 axb5 28. b4 cxb4 29. cxb4 Ke6 30. h4 h5 31. g3 Kd6 32. Kf2 Ke6 33. Ke3 Kd6 34. Kf2 1/2-1/2

[Event "Vaujany op-B 8th"]
[Site "Vaujany"]
[Date "2017.07.16"]
[Round "4.5"]
[White "Weisz, Jacques"]
[Black "Chabaud, Mathis"]
[Result "0-1"]
[WhiteElo "1714"]
[BlackElo "1671"]
[PlyCount "108"]
[EventDate "2017.07.13"]
[EventType "swiss"]
[EventRounds "9"]
[EventCountry "FRA"]
[SourceTitle "EXT 2020"]
[Source "ChessBase"]
[SourceDate "2019.10.17"]
[SourceVersion "1"]
[SourceVersionDate "2019.10.17"]
[SourceQuality "1"]

1. d4 d5 2. c4 c6 3. Nc3 Nf6 4. e3 Bf5 5. Qb3 b6 6. Nf3 e6 7. Be2 Nbd7 8. 0-0 Bd6 9. cxd5 exd5 10. Rd1 Ne4 11. Bd2 0-0 12. Rac1 Rc8 13. Be1 h6 14. a3 Bh7 15. Bd3 Kh8 16. Qc2 f5 17. Qb1 g5 18. Nd2 Ndf6 19. Nf1 Nxc3 20. Bxc3 Ne4 21. Be1 g4 22. b4 f4 23. exf4 Bxf4 24. Rc2 h5 25. b5 c5 26. dxc5 bxc5 27. Re2 Re8 28. Ng3 Bxg3 29. hxg3 h4 30. gxh4 Qxh4 31. Bc2 g3 32. fxg3 Nxg3 33. Rxe8+ Rxe8 34. Bxg3 Qxg3 35. Bxh7 Re2 36. Be4 Rxe4 37. Qb2+ d4 38. Qd2 Kg7 39. a4 Qe3+ 40. Qxe3 Rxe3 41. Rc1 Rc3 42. Rd1 d3 43. Kf2 c4 44. Ke3 Ra3 45. Kd4 Rxa4 46. Kc3 Kf6 47. Rb1 Ke5 48. b6 axb6 49. Rxb6 Ra1 50. Rb8 Rc1+ 51. Kd2 Rc2+ 52. Ke3 Rxg2 53. Re8+ Kd5 54. Rd8+ Kc5 0-1